00346nam a2200133 i 4500001000700000003000900007007000300016008004100019100003300060245004000093260003600133300002200169852002100191129623ES-MaACLt|070627s1918 fr ||||1| fre d1 aFrance, Anatole, d1844-192413aLe petit Pierre / cAnatole France. aParis : b[Coulommiers, c1918] a338 p. ; c18 cm. aES-MaACLjB-2767